header

Textbook of biological psychiatry (Record no. 105555)

MARC details
000 -LEADER
fixed length control field 01094nam a22002774a 4500
082 04 - DEWEY DECIMAL CLASSIFICATION NUMBER
Classification number 616.89
245 00 - TITLE STATEMENT
Title Textbook of biological psychiatry
260 ## - PUBLICATION, DISTRIBUTION, ETC. (IMPRINT)
Place of publication Hoboken, N.J. :
Name of publisher Wiley-Liss,
Year of publication c2004.
300 ## - PHYSICAL DESCRIPTION
Number of Pages xxiii, 699 p. :
Other physical details ill.
650 #0 - SUBJECT ADDED ENTRY--TOPICAL TERM
Topical Term Biological psychiatry.
700 1# - ADDED ENTRY--PERSONAL NAME
Personal name Panksepp, Jaak,
856 40 - ELECTRONIC LOCATION AND ACCESS
Uniform Resource Identifier http://site.ebrary.com/lib/rucke/Doc?id=10114000

No items available.

© 2026 Rongo University
Contact us: librarian | system librarian | Rongo university